[Event "wyco2016"]
[Site "?"]
[Date "2016.07.24"]
[Round "4.8"]
[White "Yao, Licia"]
[Black "Volland, Ben"]
[Result "1-0"]
[BlackElo "1605"]
[WhiteElo "1677"]
[LiveChessVersion "1.4.7"]

1. d4 {[%clk 1:30:57]} f5 {[%clk 1:30:56]} 2. c4 {[%clk 1:31:19]} Nf6
{[%clk 1:31:23]} 3. Nc3 {[%clk 1:31:44]} e6 {[%clk 1:31:50]} 4. Nf3
{[%clk 1:31:54]} Be7 {[%clk 1:31:56]} 5. g3 {[%clk 1:32:10]} d6 {[%clk 1:32:14]}
6. Bg2 {[%clk 1:32:31]} O-O {[%clk 1:32:38]} 7. O-O {[%clk 1:32:40]} Ne4
{[%clk 1:32:43]} 8. Qc2 {[%clk 1:29:42]} Nxc3 {[%clk 1:32:54]} 9. Qxc3
{[%clk 1:29:43]} Bf6 {[%clk 1:33:09]} 10. Rd1 {[%clk 1:21:00]} Qe7
{[%clk 1:32:04]} 11. Qc2 {[%clk 1:16:08]} e5 {[%clk 1:23:15]} 12. d5
{[%clk 1:11:44]} Nd7 {[%clk 1:14:29]} 13. Qxf5 {[%clk 0:57:29]} Nc5
{[%clk 1:08:30]} 14. Qc2 {[%clk 0:56:01]} e4 {[%clk 1:06:54]} 15. Nd4
{[%clk 0:49:11]} Bg4 {[%clk 0:42:00]} 16. Be3 {[%clk 0:41:55]} Qf7
{[%clk 0:34:33]} 17. b4 {[%clk 0:33:50]} Nd3 {[%clk 0:28:09]} 18. exd3
{[%clk 0:31:46]} Bxd1 {[%clk 0:27:45]} 19. Rxd1 {[%clk 0:32:05]} Bxd4
{[%clk 0:27:27]} 20. Bxd4 {[%clk 0:32:28]} exd3 {[%clk 0:27:50]} 21. Qxd3
{[%clk 0:31:36]} a6 {[%clk 0:25:03]} 22. Bh3 {[%clk 0:27:33]} Kh8
{[%clk 0:23:29]} 23. Be6 {[%clk 0:26:16]} Qf3 {[%clk 0:23:21]} 24. Qd2
{[%clk 0:25:20]} Rae8 {[%clk 0:23:09]} 25. Re1 {[%clk 0:24:28]} Qh5
{[%clk 0:22:11]} 26. Re4 {[%clk 0:20:58]} Re7 {[%clk 0:21:04]} 27. Qc2
{[%clk 0:18:38]} Qe8 {[%clk 0:20:12]} 28. Rh4 {[%clk 0:18:12]} 1-0

[Event "wyco2016"]
[Site "?"]
[Date "2016.07.24"]
[Round "4.9"]
[White "Gluckman, Paul"]
[Black "Duong, Yisam"]
[Result "0-1"]
[BlackElo "1948"]
[WhiteElo "1923"]
[LiveChessVersion "1.4.7"]

1. e4 {[%clk 1:30:52]} e5 {[%clk 1:30:57]} 2. Nf3 {[%clk 1:31:15]} Nc6
{[%clk 1:31:23]} 3. Bb5 {[%clk 1:31:30]} a6 {[%clk 1:31:46]} 4. Ba4
{[%clk 1:31:36]} Nf6 {[%clk 1:31:45]} 5. d3 {[%clk 1:31:58]} d6 {[%clk 1:31:04]}
6. O-O {[%clk 1:31:41]} b5 {[%clk 1:31:16]} 7. Bb3 {[%clk 1:31:52]} Na5
{[%clk 1:31:42]} 8. h3 {[%clk 1:30:37]} Nxb3 {[%clk 1:29:54]} 9. axb3
{[%clk 1:30:59]} c5 {[%clk 1:29:14]} 10. Nc3 {[%clk 1:30:18]} Bb7
{[%clk 1:29:01]} 11. Re1 {[%clk 1:29:46]} Be7 {[%clk 1:29:14]} 12. Bd2
{[%clk 1:29:08]} O-O {[%clk 1:27:47]} 13. Ne2 {[%clk 1:27:21]} Nh5
{[%clk 1:21:42]} 14. g4 {[%clk 1:24:03]} Nf6 {[%clk 1:21:42]} 15. Ng3
{[%clk 1:24:13]} g6 {[%clk 1:21:05]} 16. Bh6 {[%clk 1:20:11]} Re8
{[%clk 1:21:34]} 17. Qd2 {[%clk 1:19:50]} Nd7 {[%clk 1:21:00]} 18. Kh2
{[%clk 1:18:22]} Bf6 {[%clk 1:20:53]} 19. Rg1 {[%clk 1:17:06]} d5
{[%clk 1:21:01]} 20. Qe3 {[%clk 1:15:37]} Qe7 {[%clk 1:16:19]} 21. Nd2
{[%clk 1:03:26]} Nf8 {[%clk 1:05:57]} 22. exd5 {[%clk 0:54:33]} Bxd5
{[%clk 1:06:10]} 23. Nde4 {[%clk 0:54:53]} Ne6 {[%clk 1:05:42]} 24. Nf5
{[%clk 0:50:42]} Qd8 {[%clk 0:37:43]} 25. Ned6 {[%clk 0:49:45]} Nd4
{[%clk 0:37:25]} 26. Nxd4 {[%clk 0:35:16]} cxd4 {[%clk 0:37:12]} 27. Qg3
{[%clk 0:24:36]} Qxd6 {[%clk 0:37:31]} 28. g5 {[%clk 0:22:07]} Bd8
{[%clk 0:36:13]} 29. Qh4 {[%clk 0:21:43]} Bf3 {[%clk 0:33:32]} 30. Rg3
{[%clk 0:20:44]} Bh5 {[%clk 0:34:00]} 31. Qe4 {[%clk 0:20:59]} Bc7
{[%clk 0:33:57]} 32. Re1 {[%clk 0:20:57]} Rad8 {[%clk 0:33:24]} 33. Qb7
{[%clk 0:18:36]} Ba5 {[%clk 0:33:37]} 34. Ra1 {[%clk 0:17:14]} Re7
{[%clk 0:33:31]} 35. Qe4 {[%clk 0:17:10]} Bd2 {[%clk 0:33:22]} 36. Kg1
{[%clk 0:16:58]} Rc7 {[%clk 0:32:18]} 37. Rxa6 {[%clk 0:14:58]} Qc5
{[%clk 0:29:10]} 38. h4 {[%clk 0:09:01]} Bf4 {[%clk 0:24:09]} 39. b4
{[%clk 0:08:33]} Qxc2 {[%clk 0:20:08]} 40. Ra8 {[%clk 0:07:21]} Qc1+
{[%clk 0:20:21]} 41. Kh2 {[%clk 0:07:36]} Bxg3+ {[%clk 0:20:09]} 42. fxg3
{[%clk 0:07:50]} Rc2+ {[%clk 0:20:23]} 43. Kh3 {[%clk 0:08:04]} Qf1+
{[%clk 0:20:47]} 0-1

[Event "wyco2016"]
[Site "?"]
[Date "2016.07.24"]
[Round "4.10"]
[White "Giesinger, Elias"]
[Black "De Jager, Luan"]
[Result "1-0"]
[BlackElo "1766"]
[WhiteElo "2051"]
[LiveChessVersion "1.4.7"]

1. d4 {[%clk 1:30:54]} Nf6 {[%clk 1:30:45]} 2. c4 {[%clk 1:31:20]} e6
{[%clk 1:30:56]} 3. Nc3 {[%clk 1:31:41]} Bb4 {[%clk 1:31:11]} 4. Qc2
{[%clk 1:31:31]} O-O {[%clk 1:29:43]} 5. a3 {[%clk 1:31:46]} Bxc3+
{[%clk 1:30:02]} 6. Qxc3 {[%clk 1:32:09]} Ne4 {[%clk 1:29:19]} 7. Qc2
{[%clk 1:32:10]} f5 {[%clk 1:29:37]} 8. Nh3 {[%clk 1:30:58]} b6 {[%clk 1:27:50]}
9. f3 {[%clk 1:30:50]} Nf6 {[%clk 1:27:03]} 10. Bg5 {[%clk 1:29:05]} Bb7
{[%clk 1:25:52]} 11. e3 {[%clk 1:28:20]} d6 {[%clk 1:22:13]} 12. Be2
{[%clk 1:28:20]} Qe8 {[%clk 1:21:51]} 13. O-O {[%clk 1:27:04]} Nbd7
{[%clk 1:20:10]} 14. Rad1 {[%clk 1:19:59]} h6 {[%clk 1:16:39]} 15. Bxf6
{[%clk 1:16:18]} Rxf6 {[%clk 1:16:08]} 16. Nf4 {[%clk 1:13:47]} a5
{[%clk 1:11:27]} 17. d5 {[%clk 1:11:18]} exd5 {[%clk 1:02:48]} 18. Qc3
{[%clk 1:08:19]} Qe5 {[%clk 0:54:28]} 19. Qxe5 {[%clk 1:01:10]} Nxe5
{[%clk 0:53:40]} 20. Nxd5 {[%clk 0:58:25]} Rf7 {[%clk 0:52:53]} 21. b3
{[%clk 0:55:40]} Ba6 {[%clk 0:48:43]} 22. Rc1 {[%clk 0:55:42]} Bb7
{[%clk 0:40:55]} 23. Rfd1 {[%clk 0:54:11]} Kh7 {[%clk 0:34:36]} 24. Kf2
{[%clk 0:51:59]} Re8 {[%clk 0:32:24]} 25. Rc3 {[%clk 0:48:51]} g6
{[%clk 0:28:11]} 26. Bd3 {[%clk 0:48:39]} Nxd3+ {[%clk 0:27:57]} 27. Rdxd3
{[%clk 0:47:57]} Kg7 {[%clk 0:27:53]} 28. Rd4 {[%clk 0:47:11]} Re5
{[%clk 0:25:34]} 29. Nf4 {[%clk 0:45:17]} Re8 {[%clk 0:24:04]} 30. Rd2
{[%clk 0:45:16]} Rfe7 {[%clk 0:23:26]} 31. Nd5 {[%clk 0:45:10]} Rf7
{[%clk 0:23:29]} 32. Rcd3 {[%clk 0:45:11]} Ra8 {[%clk 0:22:34]} 33. Ra2
{[%clk 0:44:22]} Ba6 {[%clk 0:21:46]} 34. Rc3 {[%clk 0:43:19]} Bb7
{[%clk 0:22:09]} 35. Nf4 {[%clk 0:43:06]} Re7 {[%clk 0:22:28]} 36. Ne2
{[%clk 0:43:09]} Kf6 {[%clk 0:21:54]} 37. Nd4 {[%clk 0:43:25]} Kf7
{[%clk 0:19:38]} 38. h4 {[%clk 0:43:14]} Kf6 {[%clk 0:17:55]} 39. Rc1
{[%clk 0:43:00]} Rae8 {[%clk 0:17:40]} 40. Re1 {[%clk 0:42:56]} Re5
{[%clk 0:16:42]} 41. Rc2 {[%clk 0:41:36]} R5e7 {[%clk 0:15:46]} 42. Rc3
{[%clk 0:41:50]} Re5 {[%clk 0:15:51]} 43. Rec1 {[%clk 0:42:02]} R5e7
{[%clk 0:14:36]} 44. b4 {[%clk 0:41:03]} Ra8 {[%clk 0:13:19]} 45. c5
{[%clk 0:39:05]} axb4 {[%clk 0:13:16]} 46. axb4 {[%clk 0:39:17]} Ra2+
{[%clk 0:12:15]} 47. R1c2 {[%clk 0:38:46]} Rxc2+ {[%clk 0:12:31]} 48. Rxc2
{[%clk 0:39:02]} bxc5 {[%clk 0:11:35]} 49. bxc5 {[%clk 0:39:06]} dxc5
{[%clk 0:11:10]} 50. Rxc5 {[%clk 0:39:23]} Rd7 {[%clk 0:10:12]} 51. h5
{[%clk 0:35:55]} c6 {[%clk 0:08:25]} 52. hxg6 {[%clk 0:35:51]} Rd5
{[%clk 0:07:35]} 53. g7 {[%clk 0:32:49]} Kxg7 {[%clk 0:07:18]} 54. Nxf5+
{[%clk 0:32:20]} Kh7 {[%clk 0:07:20]} 55. Rxd5 {[%clk 0:32:18]} cxd5
{[%clk 0:07:40]} 56. Kg3 {[%clk 0:32:33]} Kg6 {[%clk 0:07:30]} 57. Kf4
{[%clk 0:32:37]} h5 {[%clk 0:04:20]} 58. Ke5 {[%clk 0:30:24]} Kg5
{[%clk 0:04:05]} 59. g3 {[%clk 0:30:15]} Ba8 {[%clk 0:03:15]} 60. Nd4
{[%clk 0:29:50]} Bb7 {[%clk 0:02:37]} 61. Ne6+ {[%clk 0:29:30]} Kh6
{[%clk 0:02:34]} 62. Kd4 {[%clk 0:26:55]} h4 {[%clk 0:01:55]} 63. gxh4
{[%clk 0:26:16]} Kh5 {[%clk 0:02:11]} 64. Nf4+ {[%clk 0:25:46]} Kxh4
{[%clk 0:02:30]} 65. Nxd5 {[%clk 0:26:07]} Kg5 {[%clk 0:02:25]} 66. f4+
{[%clk 0:26:18]} Kf5 {[%clk 0:02:31]} 67. e4+ {[%clk 0:26:42]} Ke6
{[%clk 0:02:23]} 68. f5+ {[%clk 0:26:49]} Kf7 {[%clk 0:02:22]} 69. Ke5
{[%clk 0:27:14]} Ba6 {[%clk 0:02:01]} 70. Nc7 {[%clk 0:27:22]} Bd3
{[%clk 0:02:06]} 71. Ne6 {[%clk 0:27:39]} Bc2 {[%clk 0:02:01]} 72. Ng5+
{[%clk 0:27:55]} Kf8 {[%clk 0:02:03]} 73. Kf6 {[%clk 0:28:15]} Bb1
{[%clk 0:01:43]} 74. e5 {[%clk 0:28:34]} Bc2 {[%clk 0:01:47]} 75. e6
{[%clk 0:28:22]} Bb1 {[%clk 0:01:49]} 76. e7+ {[%clk 0:28:21]} Ke8
{[%clk 0:02:06]} 77. Ne6 {[%clk 0:28:44]} 1-0

[Event "wyco2016"]
[Site "?"]
[Date "2016.07.24"]
[Round "4.11"]
[White "Agulhas, Keegan"]
[Black "Stijve, Theo"]
[Result "1-0"]
[BlackElo "2081"]
[WhiteElo "1716"]
[LiveChessVersion "1.4.7"]

1. e4 {[%clk 1:30:26]} c5 {[%clk 1:30:53]} 2. Nf3 {[%clk 1:30:38]} a6
{[%clk 1:31:16]} 3. d4 {[%clk 1:30:53]} cxd4 {[%clk 1:31:29]} 4. Nxd4
{[%clk 1:31:04]} Nf6 {[%clk 1:31:45]} 5. Nc3 {[%clk 1:28:45]} e5 {[%clk 1:31:48]}
6. Nb3 {[%clk 1:26:33]} Bb4 {[%clk 1:31:45]} 7. Bd3 {[%clk 1:26:56]} d5
{[%clk 1:31:48]} 8. exd5 {[%clk 1:24:06]} Nxd5 {[%clk 1:31:51]} 9. Bd2
{[%clk 1:23:14]} Nxc3 {[%clk 1:31:49]} 10. bxc3 {[%clk 1:23:39]} Bd6
{[%clk 1:32:06]} 11. O-O {[%clk 1:24:02]} O-O {[%clk 1:31:54]} 12. Qf3
{[%clk 1:21:20]} Qc7 {[%clk 1:24:00]} 13. c4 {[%clk 1:11:57]} Nc6
{[%clk 1:16:11]} 14. Be3 {[%clk 1:01:09]} Be6 {[%clk 0:49:40]} 15. Nc5
{[%clk 0:45:44]} Bxc5 {[%clk 0:34:40]} 16. Bxc5 {[%clk 0:46:07]} Rfd8
{[%clk 0:34:47]} 17. Rab1 {[%clk 0:41:10]} Qc8 {[%clk 0:30:55]} 18. Qe3
{[%clk 0:34:39]} Rb8 {[%clk 0:25:54]} 19. f4 {[%clk 0:27:14]} f6 {[%clk 0:19:52]}
20. Rb2 {[%clk 0:21:11]} Re8 {[%clk 0:17:05]} 21. Bd6 {[%clk 0:18:41]} Ra8
{[%clk 0:14:20]} 22. Rfb1 {[%clk 0:13:43]} Rd8 {[%clk 0:10:20]} 23. fxe5
{[%clk 0:12:02]} fxe5 {[%clk 0:05:36]} 24. Bxe5 {[%clk 0:09:24]} Nxe5
{[%clk 0:04:11]} 25. Qxe5 {[%clk 0:09:47]} Rb8 {[%clk 0:03:37]} 26. Qe4
{[%clk 0:07:48]} g6 {[%clk 0:02:23]} 27. Rxb7 {[%clk 0:07:38]} Rxb7
{[%clk 0:01:15]} 28. Rxb7 {[%clk 0:07:24]} Qc5+ {[%clk 0:00:54]} 29. Kh1
{[%clk 0:07:45]} Bf7 {[%clk 0:00:33]} 30. Qf4 {[%clk 0:06:11]} Rf8
{[%clk 0:00:32]} 31. Qf6 {[%clk 0:05:15]} Qe3 {[%clk 0:00:34]} 32. h3
{[%clk 0:05:30]} Qg3 {[%clk 0:00:34]} 33. c5 {[%clk 0:05:30]} Qe1+
{[%clk 0:00:34]} 34. Kh2 {[%clk 0:05:54]} Qe8 {[%clk 0:00:33]} 35. Bc4
{[%clk 0:05:44]} a5 {[%clk 0:00:35]} 36. c6 {[%clk 0:06:06]} a4 {[%clk 0:00:55]}
37. Bxf7+ {[%clk 0:06:29]} Rxf7 {[%clk 0:00:54]} 38. Qxf7+ {[%clk 0:06:56]} Qxf7
{[%clk 0:01:17]} 39. Rxf7 1-0

[Event "wyco2016"]
[Site "?"]
[Date "2016.07.24"]
[Round "4.12"]
[White "Meier, Lukas"]
[Black "Joubert, Dantelle"]
[Result "1-0"]
[BlackElo "1453"]
[WhiteElo "1874"]
[LiveChessVersion "1.4.7"]

1. e4 {[%clk 1:30:49]} e5 {[%clk 1:30:49]} 2. Nf3 {[%clk 1:31:09]} Nc6
{[%clk 1:30:51]} 3. Bc4 {[%clk 1:31:29]} Bc5 {[%clk 1:31:15]} 4. c3
{[%clk 1:31:38]} Nf6 {[%clk 1:31:36]} 5. d3 {[%clk 1:31:19]} d6 {[%clk 1:30:49]}
6. Bb3 {[%clk 1:23:10]} h6 {[%clk 1:29:29]} 7. O-O {[%clk 1:22:30]} O-O
{[%clk 1:29:41]} 8. h3 {[%clk 1:20:55]} Kh8 {[%clk 1:25:14]} 9. Re1
{[%clk 1:07:07]} Nh7 {[%clk 1:23:44]} 10. d4 {[%clk 1:00:33]} exd4
{[%clk 1:23:57]} 11. cxd4 {[%clk 1:00:45]} Bb4 {[%clk 1:24:16]} 12. Bd2
{[%clk 0:59:56]} Bxd2 {[%clk 1:24:10]} 13. Nbxd2 {[%clk 0:55:43]} Qf6
{[%clk 1:21:38]} 14. e5 {[%clk 0:53:12]} dxe5 {[%clk 1:21:42]} 15. dxe5
{[%clk 0:52:55]} Qg6 {[%clk 1:21:39]} 16. Nh4 {[%clk 0:52:18]} Qg5
{[%clk 1:19:49]} 17. Ndf3 {[%clk 0:49:25]} Qe7 {[%clk 1:19:45]} 18. e6
{[%clk 0:45:21]} g5 {[%clk 1:17:16]} 19. Nf5 {[%clk 0:28:13]} Qf6
{[%clk 1:17:25]} 20. N3d4 {[%clk 0:27:43]} fxe6 {[%clk 1:10:20]} 21. Bxe6
{[%clk 0:26:07]} Rd8 {[%clk 1:09:56]} 22. Bxc8 {[%clk 0:19:56]} Raxc8
{[%clk 1:10:06]} 23. Re6 {[%clk 0:19:44]} Qf8 {[%clk 1:03:03]} 24. Qa4
{[%clk 0:18:12]} Nxd4 {[%clk 1:02:13]} 25. Nxd4 {[%clk 0:18:06]} Qf4
{[%clk 1:02:13]} 26. Rd1 {[%clk 0:16:51]} c5 {[%clk 1:01:56]} 27. g3
{[%clk 0:07:23]} Rxd4 {[%clk 0:59:17]} 28. Re8+ {[%clk 0:07:28]} Rxe8
{[%clk 0:58:38]} 29. Qxe8+ {[%clk 0:07:34]} Qf8 {[%clk 0:58:53]} 30. Qe5+
{[%clk 0:07:30]} Qf6 {[%clk 0:56:27]} 31. Qb8+ {[%clk 0:07:38]} Nf8
{[%clk 0:55:58]} 32. Rxd4 {[%clk 0:06:28]} cxd4 {[%clk 0:56:21]} 33. Qxb7
{[%clk 0:06:46]} d3 {[%clk 0:54:04]} 34. Qd5 {[%clk 0:06:01]} Qxb2
{[%clk 0:52:55]} 35. Qxd3 {[%clk 0:06:25]} Qxa2 {[%clk 0:52:59]} 36. Qc3+
{[%clk 0:06:28]} Kg8 {[%clk 0:52:57]} 37. Qf6 {[%clk 0:05:41]} Qe6
{[%clk 0:53:02]} 38. Qa1 {[%clk 0:06:04]} a6 {[%clk 0:51:17]} 39. Kh2
{[%clk 0:06:14]} Ng6 {[%clk 0:50:56]} 40. Qa5 {[%clk 0:05:54]} Ne5
{[%clk 0:49:27]} 41. Qd8+ {[%clk 0:04:59]} Kg7 {[%clk 0:49:26]} 42. Qc7+
{[%clk 0:05:17]} Kg6 {[%clk 0:49:31]} 43. Qc2+ {[%clk 0:05:31]} Qf5
{[%clk 0:47:51]} 44. Qa2 {[%clk 0:05:38]} Nf3+ {[%clk 0:45:50]} 45. Kg2
{[%clk 0:06:00]} Ne1+ {[%clk 0:20:17]} 46. Kf1 {[%clk 0:04:51]} Qxh3+
{[%clk 0:20:43]} 47. Kxe1 {[%clk 0:05:06]} Qh1+ {[%clk 0:21:11]} 48. Kd2
{[%clk 0:04:54]} Qc6 {[%clk 0:21:16]} 49. Qg8+ {[%clk 0:05:14]} Kh5
{[%clk 0:21:20]} 50. Qf7+ {[%clk 0:03:43]} Kg4 {[%clk 0:20:41]} 51. Qe7
{[%clk 0:01:23]} Qd5+ {[%clk 0:18:26]} 52. Ke2 {[%clk 0:01:22]} Qf3+
{[%clk 0:16:42]} 53. Ke1 {[%clk 0:01:40]} a5 {[%clk 0:15:34]} 54. Qe6+
{[%clk 0:01:57]} Qf5 {[%clk 0:14:40]} 55. f3+ {[%clk 0:02:20]} 1-0

[Event "wyco2016"]
[Site "?"]
[Date "2016.07.24"]
[Round "4.13"]
[White "Sahidi, Samir"]
[Black "Durica, Adam"]
[Result "1-0"]
[BlackElo "1944"]
[WhiteElo "2216"]
[LiveChessVersion "1.4.7"]

1. e4 {[%clk 1:30:45]} d6 {[%clk 1:30:52]} 2. Nf3 {[%clk 1:29:50]} Bg4
{[%clk 1:30:38]} 3. h3 {[%clk 1:29:01]} Bxf3 {[%clk 1:30:58]} 4. Qxf3
{[%clk 1:29:21]} c6 {[%clk 1:30:23]} 5. d4 {[%clk 1:25:36]} e6 {[%clk 1:28:24]}
6. Bd3 {[%clk 1:24:06]} Nd7 {[%clk 1:27:52]} 7. O-O {[%clk 1:23:05]} Ngf6
{[%clk 1:27:22]} 8. Rd1 {[%clk 1:20:03]} Qc7 {[%clk 1:25:39]} 9. Nd2
{[%clk 1:18:35]} e5 {[%clk 1:23:29]} 10. c3 {[%clk 1:16:52]} Be7 {[%clk 1:22:41]}
11. Nf1 {[%clk 1:14:29]} O-O-O {[%clk 1:16:32]} 12. Ng3 {[%clk 1:12:17]} g6
{[%clk 1:15:29]} 13. Be3 {[%clk 1:08:35]} Kb8 {[%clk 1:15:12]} 14. Bc4
{[%clk 1:06:00]} Nb6 {[%clk 1:06:56]} 15. Bxf7 {[%clk 1:04:50]} Rdf8
{[%clk 1:07:17]} 16. Bb3 {[%clk 1:04:33]} h5 {[%clk 1:07:28]} 17. dxe5
{[%clk 1:01:33]} dxe5 {[%clk 1:05:39]} 18. Qe2 {[%clk 0:58:27]} c5
{[%clk 1:02:27]} 19. Bg5 {[%clk 0:56:59]} c4 {[%clk 0:59:35]} 20. Bc2
{[%clk 0:56:44]} Bc5 {[%clk 0:59:45]} 21. Be3 {[%clk 0:56:11]} h4
{[%clk 0:57:30]} 22. Nf1 {[%clk 0:55:49]} Nh5 {[%clk 0:56:34]} 23. Bxc5
{[%clk 0:52:54]} Qxc5 {[%clk 0:56:55]} 24. Qe3 {[%clk 0:52:28]} Qc7
{[%clk 0:55:34]} 25. Nh2 {[%clk 0:51:41]} Nf4 {[%clk 0:53:43]} 26. Ng4
{[%clk 0:51:12]} Rf7 {[%clk 0:46:37]} 27. a4 {[%clk 0:50:30]} Nd7 28. b3
{[%clk 0:50:14]} Nf6 {[%clk 0:44:18]} 29. Nh2 {[%clk 0:47:50]} Rhf8
{[%clk 0:43:33]} 30. Nf3 {[%clk 0:46:58]} cxb3 {[%clk 0:42:37]} 31. Bxb3
{[%clk 0:46:53]} Rh7 {[%clk 0:42:53]} 32. Ng5 {[%clk 0:46:46]} Rh5
{[%clk 0:42:01]} 33. Ne6 {[%clk 0:47:04]} Nxe6 {[%clk 0:42:19]} 34. Bxe6
{[%clk 0:47:26]} Qc6 {[%clk 0:41:09]} 35. Bd5 {[%clk 0:47:28]} Nxd5
{[%clk 0:41:23]} 36. exd5 {[%clk 0:46:58]} Qd6 {[%clk 0:41:02]} 37. c4
{[%clk 0:42:54]} Rc8 {[%clk 0:41:06]} 38. Rac1 {[%clk 0:42:47]} b6
{[%clk 0:41:17]} 39. a5 {[%clk 0:42:43]} Rh7 {[%clk 0:41:31]} 40. axb6
{[%clk 0:42:44]} axb6 {[%clk 0:41:48]} 41. Re1 {[%clk 0:42:08]} Re7
{[%clk 0:40:50]} 42. Qg5 {[%clk 0:38:49]} Rh8 {[%clk 0:37:45]} 43. Rb1
{[%clk 0:37:49]} Ka7 {[%clk 0:32:05]} 44. Rb5 {[%clk 0:34:32]} Rh5
{[%clk 0:30:26]} 45. Qd2 {[%clk 0:33:37]} Rb7 {[%clk 0:29:57]} 46. c5
{[%clk 0:33:04]} bxc5 {[%clk 0:29:22]} 47. Qa5+ {[%clk 0:32:57]} Kb8
{[%clk 0:25:51]} 48. Rxb7+ {[%clk 0:33:14]} Kxb7 {[%clk 0:26:16]} 49. Rb1+
{[%clk 0:33:36]} Kc8 {[%clk 0:26:38]} 50. Qa8+ {[%clk 0:33:56]} Kd7
{[%clk 0:27:01]} 51. Rb7+ {[%clk 0:34:11]} Qc7 {[%clk 0:27:27]} 52. Rxc7+
{[%clk 0:34:17]} Kxc7 {[%clk 0:27:51]} 53. Qc6+ {[%clk 0:34:34]} Kb8
{[%clk 0:27:40]} 54. d6 {[%clk 0:34:28]} Rh8 {[%clk 0:27:46]} 55. d7
{[%clk 0:34:31]} c4 {[%clk 0:27:36]} 56. Qb6+ {[%clk 0:34:50]} 1-0

[Event "wyco2016"]
[Site "?"]
[Date "2016.07.24"]
[Round "4.14"]
[White "Brnusak, Andrej"]
[Black "Haring, Filip"]
[Result "0-1"]
[BlackElo "2155"]
[WhiteElo "1626"]
[LiveChessVersion "1.4.7"]

1. e4 {[%clk 1:30:57]} c5 {[%clk 1:30:52]} 2. Nf3 {[%clk 1:31:21]} e6
{[%clk 1:30:13]} 3. b3 {[%clk 1:31:26]} d6 {[%clk 1:29:13]} 4. Bb2
{[%clk 1:30:01]} Nf6 {[%clk 1:29:04]} 5. Bd3 {[%clk 1:25:50]} e5 {[%clk 1:26:40]}
6. O-O {[%clk 1:23:06]} Nc6 {[%clk 1:24:40]} 7. Re1 {[%clk 1:19:19]} Be7
{[%clk 1:24:39]} 8. h3 {[%clk 1:14:07]} O-O {[%clk 1:24:23]} 9. a4
{[%clk 1:13:15]} Ne8 {[%clk 1:19:30]} 10. Na3 {[%clk 1:10:01]} Nc7
{[%clk 1:18:03]} 11. Nc4 {[%clk 1:08:32]} Ne6 {[%clk 1:17:05]} 12. Bf1
{[%clk 1:06:02]} Nf4 {[%clk 1:04:29]} 13. Kh2 {[%clk 1:00:45]} f5
{[%clk 1:02:53]} 14. d3 {[%clk 0:58:38]} Qe8 {[%clk 0:58:11]} 15. g3
{[%clk 0:53:56]} Ne6 {[%clk 0:52:04]} 16. Bg2 {[%clk 0:50:06]} Qg6
{[%clk 0:50:05]} 17. Ne3 {[%clk 0:43:53]} f4 {[%clk 0:43:37]} 18. Nf5
{[%clk 0:40:37]} h5 {[%clk 0:39:41]} 19. N3h4 {[%clk 0:36:09]} Bxh4
{[%clk 0:37:49]} 20. Nxh4 {[%clk 0:36:08]} Qg5 {[%clk 0:36:00]} 21. Nf5
{[%clk 0:32:05]} Ned4 {[%clk 0:28:41]} 22. Nxd4 {[%clk 0:20:17]} cxd4
{[%clk 0:21:57]} 23. Bf3 {[%clk 0:18:47]} Be6 {[%clk 0:18:56]} 24. Bc1
{[%clk 0:14:42]} Rf6 {[%clk 0:14:39]} 25. Rg1 {[%clk 0:13:03]} Qh6
{[%clk 0:12:07]} 26. g4 {[%clk 0:11:02]} Qg5 {[%clk 0:05:19]} 27. Bd2
{[%clk 0:08:58]} Qh4 {[%clk 0:04:27]} 28. Qe2 {[%clk 0:07:08]} Rh6
{[%clk 0:03:58]} 29. Qf1 {[%clk 0:06:12]} hxg4 {[%clk 0:04:01]} 30. Qg2
{[%clk 0:04:59]} Qxh3+ {[%clk 0:04:13]} 31. Qxh3 {[%clk 0:04:45]} Rxh3+
{[%clk 0:04:38]} 32. Kg2 {[%clk 0:05:05]} gxf3+ {[%clk 0:04:46]} 33. Kf1
{[%clk 0:05:14]} Kf7 {[%clk 0:04:53]} 0-1

[Event "wyco2016"]
[Site "?"]
[Date "2016.07.24"]
[Round "4.15"]
[White "Bango, Lukas"]
[Black "Brnusak, Tomas"]
[Result "1-0"]
[BlackElo "1632"]
[WhiteElo "2109"]
[LiveChessVersion "1.4.7"]

1. e4 {[%clk 1:30:58]} c5 {[%clk 1:30:51]} 2. c3 {[%clk 1:31:22]} Nf6
{[%clk 1:31:12]} 3. e5 {[%clk 1:31:47]} Nd5 {[%clk 1:31:33]} 4. d4
{[%clk 1:32:12]} cxd4 {[%clk 1:31:54]} 5. Nf3 {[%clk 1:32:33]} e6
{[%clk 1:32:05]} 6. cxd4 {[%clk 1:32:59]} d6 {[%clk 1:32:21]} 7. Nc3
{[%clk 1:31:44]} Nxc3 {[%clk 1:31:48]} 8. bxc3 {[%clk 1:32:05]} Qc7
{[%clk 1:32:07]} 9. Bd2 {[%clk 1:31:58]} Nd7 {[%clk 1:31:39]} 10. exd6
{[%clk 1:32:05]} Bxd6 {[%clk 1:31:12]} 11. Bd3 {[%clk 1:32:22]} b6
{[%clk 1:30:45]} 12. O-O {[%clk 1:28:18]} Bb7 {[%clk 1:27:08]} 13. h3
{[%clk 1:28:46]} O-O {[%clk 1:20:05]} 14. Re1 {[%clk 1:29:04]} Bf4
{[%clk 1:18:13]} 15. Bxf4 {[%clk 1:28:27]} Qxf4 {[%clk 1:18:26]} 16. Ne5
{[%clk 1:27:39]} Nxe5 {[%clk 1:16:58]} 17. Rxe5 {[%clk 1:28:00]} Rac8
{[%clk 1:14:33]} 18. Re3 {[%clk 1:25:16]} h6 {[%clk 1:08:16]} 19. a4
{[%clk 1:24:00]} Kh8 {[%clk 0:53:56]} 20. Bc2 {[%clk 1:21:38]} Rfd8
{[%clk 0:44:23]} 21. Qe2 {[%clk 1:04:56]} Bd5 {[%clk 0:38:33]} 22. g3
{[%clk 1:00:29]} Qf6 {[%clk 0:37:26]} 23. a5 {[%clk 0:58:23]} Bc4
{[%clk 0:35:42]} 24. Qg4 {[%clk 0:53:46]} b5 {[%clk 0:34:36]} 25. Qe4
{[%clk 0:43:31]} g6 {[%clk 0:29:50]} 26. Qb7 {[%clk 0:43:48]} Bd5
{[%clk 0:29:20]} 27. Qxb5 {[%clk 0:41:12]} Rb8 {[%clk 0:29:33]} 28. Qd3
{[%clk 0:39:11]} Rb2 {[%clk 0:29:07]} 29. f4 {[%clk 0:27:14]} h5 {[%clk 0:25:12]}
30. h4 {[%clk 0:27:31]} Rc8 {[%clk 0:25:19]} 31. Qd1 {[%clk 0:23:17]} Qe7
{[%clk 0:22:16]} 32. f5 {[%clk 0:21:24]} Qf6 {[%clk 0:19:57]} 33. fxg6
{[%clk 0:19:57]} fxg6 {[%clk 0:20:14]} 34. Rc1 {[%clk 0:14:37]} Rf8
{[%clk 0:19:19]} 35. Qe1 {[%clk 0:14:55]} Bc4 {[%clk 0:13:18]} 36. Be4
{[%clk 0:12:11]} Rf2 {[%clk 0:11:40]} 37. Bg2 {[%clk 0:12:38]} Qf5
{[%clk 0:11:10]} 38. Re5 {[%clk 0:10:54]} Qd3 {[%clk 0:10:31]} 39. Re3
{[%clk 0:10:44]} Qf5 {[%clk 0:10:17]} 40. Re5 {[%clk 0:11:00]} Qf6
{[%clk 0:10:04]} 41. Qe3 {[%clk 0:10:28]} Kg7 {[%clk 0:09:31]} 42. Qe1
{[%clk 0:07:16]} Rb2 {[%clk 0:07:26]} 43. Rc5 {[%clk 0:04:29]} Re2
{[%clk 0:06:25]} 44. Rc7+ {[%clk 0:04:44]} Kg8 {[%clk 0:06:39]} 45. Qf1
{[%clk 0:04:27]} Qd8 {[%clk 0:04:52]} 46. Rxc4 Rxf1+ {[%clk 0:05:05]} 47. Bxf1
{[%clk 0:05:17]} Ra2 {[%clk 0:05:16]} 48. d5 {[%clk 0:04:33]} Qf6
{[%clk 0:04:59]} 49. Rf4 {[%clk 0:04:50]} Qe5 {[%clk 0:05:16]} 50. Rf3
{[%clk 0:04:32]} Qxd5 {[%clk 0:05:04]} 51. Re3 {[%clk 0:04:12]} Qf5
{[%clk 0:04:04]} 52. Be2 {[%clk 0:04:26]} Rxa5 {[%clk 0:03:51]} 53. Rf1
{[%clk 0:04:09]} Qc5 {[%clk 0:03:50]} 54. Rff3 {[%clk 0:04:35]} e5
{[%clk 0:03:57]} 55. Kg2 {[%clk 0:04:29]} Ra1 {[%clk 0:04:10]} 56. Bf1
{[%clk 0:04:21]} a5 {[%clk 0:04:19]} 57. Rd3 {[%clk 0:04:01]} Ra2+
{[%clk 0:04:33]} 58. Kh1 {[%clk 0:04:15]} a4 {[%clk 0:03:56]} 59. Rd8+
{[%clk 0:04:29]} Kg7 {[%clk 0:04:13]} 60. Rfd3 {[%clk 0:04:15]} Kf6
{[%clk 0:03:32]} 61. Rf3+ {[%clk 0:03:15]} Ke7 {[%clk 0:03:55]} 62. Rdf8
{[%clk 0:03:21]} a3 {[%clk 0:03:25]} 63. c4 {[%clk 0:03:25]} Qd6 {[%clk 0:02:36]}
64. R3f7+ {[%clk 0:03:32]} Ke6 {[%clk 0:02:36]} 65. Bh3# 1-0